Arte Breve /

Raimundo Lulio (ca. 1232-ca. 1316), escritor, filósofo, teólogo, divulgador científicos y misionero español. Nacido en Mallorca en una época crucial de la historia española, se nutrió de las culturas cristiana, islámica y judía, formándose en el contexto de un conocimiento muy particular del mundo y...

Повний опис

Збережено в:
Бібліографічні деталі
Автор: Lulio, Raimundo (autor)
Інші автори: Rubio, Josep E. (introducción y traducción) (introducción y traducción)
Формат: Книга
Мова:Іспанська
Опубліковано: Navarra, España : Universidad de Navarra, 2004, c2004
Серія:(Pensamiento Medieval y Renacentista ; 59)
Предмети:
Теги: Додати тег
Немає тегів, Будьте першим, хто поставить тег для цього запису!

MARC

LEADER 00000nam^a2200000^a^4500
001 000172604
005 20250521000000.0
009 20260310101426.004
020 |a 84-313-2205-5 
037 |a Acervo ITESO - Biblioteca 
041 |a ESP 
082 |a 160.  |b LUL 
100 |a Lulio, Raimundo  |e (autor) 
245 1 0 |a Arte Breve /  |c R. Lulio ; introd. y tr. por J.E. Rubio. 
264 4 |a Navarra, España :  |b Universidad de Navarra,  |c 2004, c2004 
300 |a 127 p. 
336 |a texto  |b txt  |2 rdacontenido 
337 |a sin mediación  |b n  |2 rdamedio 
338 |a volumen  |b nc  |2 rdasoporte 
440 1 |a (Pensamiento Medieval y Renacentista ;  |v 59) 
500 |a Traducción de: Ars brevis 
520 |a Raimundo Lulio (ca. 1232-ca. 1316), escritor, filósofo, teólogo, divulgador científicos y misionero español. Nacido en Mallorca en una época crucial de la historia española, se nutrió de las culturas cristiana, islámica y judía, formándose en el contexto de un conocimiento muy particular del mundo y su producción cultural; él mismo se expresó en latín, árabe y catalán; al primero lo convirtió en una lengua para abordar los conocimientos filosóficos, científicos y técnicos, aunque utilizó el catalán para difundirlos; a éste, por otro lado, lo dotó de un lenguaje literario. Propuso un sistema de interpretación de la realidad visible e invisible, fundamento de la apologética; actualizó las filosofías platónica y aristotélica; su literatura propone temas contemporáneos; promovió escuelas de misioneros. Su obra científico-literaria, de carácter enciclopédico, comprende textos místicos, proverbios, versículos o metáforas de elevado tono poético, así como textos pedagógicos, teológicos, filosóficos y apologéticos; se cuentan 239 títulos conocidos, entre los que destacan: Ars magna generalis ultima; Libro de contemplación en Dios; Libro de Evast y de Aloma y de su hijo Blanquerna; Libro de maravillas; El libro del amigo y del amado; Canto de Ramón; Arbre la Sciencia. 
520 |a La presente Arte breve (Ars brevis) se trata de la ultima versión del método Ars luliana de gran influencia en la historia de la Lógica, pero que pretendía en su epcoa, ser un método de conocimiento general para todas las ciencias, cuya potencia demostrativa debía permitir demostrar la verdad de la fe cristiana. 
649 |a XX 
650 |a Pensamiento 
650 |a Argumentación 
650 |a Lógica 
650 |a Retórica 
650 |a Lenguaje y Pensamiento 
650 |a Metodología 
650 |a Neoaristotélicos 
650 |a Filosofía Medieval 
700 |a Rubio, Josep E.  |e (introducción y traducción) 
910 |a Fondo General 
920 |a Impresos - Libros 
930 |a Colección General 
905 |a 101 
901 |a 0500109968  |b IT1  |c ACC  |u 20250521 
902 |a https://opac.biblio.iteso.mx/vufind/Record/000172604